• 首页
  • 本馆介绍
  • 公告通知
  • 最新文献
  • 馆藏检索
  • 电子资源
  • 读者导购
  • 参考咨询
  • 我的图书馆
  • 登录
  • 详细信息显示
  • 放入我的书架
  • 预约/预借图书
  • 作者相关作品
  • 分类相关作品
  • 丛书相关作品
  • 出版社相关作品

书目信息

  • 表格格式
  • 工作单格式
  • 卡片格式
题名:
古文百篇译释续编
    
 
作者: 于忠善 编
分册:  
出版信息: 天津   天津人民出版社  1984
页数: 262页
开本: 19cm
丛书名:
单 册:
中图分类: H194.1 , H159
科图分类:
主题词: 文言文--自学参考资料 , 汉语--翻译
电子资源:
ISBN:
000 00627nam0 2200241 450
001 1573787156
005 20150120203059.70
010    @dCNY0.78
091    @a9072.37
100    @a19950526d1984 em y0chiy0110 ea
101 0  @achi
102    @aCN@b120000
105    @ay z 000yy
200 1  @a古文百篇译释续编@9gu wen bai pian yi shi xu bian@f于忠善编
210    @a天津@c天津人民出版社@d1984
215    @a262页@d19cm
606 0  @a文言文@x自学参考资料
606 0  @a汉语@x翻译
690    @aH194.1@v5
690    @aH159@v4
701  0 @a于忠善@9yu zhong shan@4编
801  0 @aCN@bTSSF@c20150120
905    @aZUCC@dH159@eJY53
    
    古文百篇译释续编/于忠善编.-天津:天津人民出版社,1984
    262页;19cm
    
    
    ISBN :CNY0.78
    
●
相关链接 在E读中查询图书 在五车中查询图书 在当当中查询图书 在豆瓣中查询图书


正题名:古文百篇译释续编     索取号:H159/JY53         预约/预借

序号 登录号 条形码 馆藏地/架位号 状态 备注
1 7850710   278507108   学院路分馆/ [索取号:H159/JY53] 在馆    
2 7850711   278507117   学院路分馆/ [索取号:H159/JY53] 在馆    
唐山师范学院图书馆 欢迎您!
大连网信软件有限公司© 版权所有